000 00521nam a2200217Ia 4500
003 OSt
005 20221005123429.0
006 a|||||r|||| 00| 0
007 ta
008 221004b |||||||| |||| 00| 0 eng d
024 _a61491
037 _cTextual
040 _aCRL
_cCRL
_beng
041 _2eng
_aeng
082 _aV1:1:N1, 122K3.1-.2
245 0 _aL'Epoque Contemporaine.
260 _c1963
650 _aHISTORY
942 _hV1:1:N1, 122K3.1-.2
_cTEXL
_2cc
999 _c1047380
_d1047380